Three complete novels
| Main Author: | |
|---|---|
| Format: | Book |
| Published: |
New York :
Wings Book ,
1993
|
MARC
| LEADER | 00000cam a2200000 7i4500 | ||
|---|---|---|---|
| 001 | 0000001515 | ||
| 002 | 000001661 | ||
| 005 | 20000330.0 | ||
| 020 | |a 0517084791 | ||
| 090 | 0 | 0 | |a F |b CRI |
| 100 | 1 | |a CRICHTON, Michael | |
| 245 | 1 | 0 | |a Three complete novels |c Michael Crichton |
| 260 | |a New York : |b Wings Book , |c 1993 | ||
| 300 | |a 675p. ; |c 24cm. | ||
| 999 | |a 034467 |b BUKU |c PINJAMAN |e PERPUSTAKAAN KOMUNITI PETALING JAYA | ||